00225nam a2200097Ia 4500008004100000041000800041082001200049100001200061245004500073260000900118240625s9999 xx 000 0 und d aeng a425 SET aSETHI J aHANDBOOK OF PRONUNCIATION OF ENGLISH WOR c2006